| 000 | 00589nam a2200181 i 4500 | ||
|---|---|---|---|
| 001 | 71112 | ||
| 003 | ES-MaACL | ||
| 005 | 20230906171026.0 | ||
| 007 | t| | ||
| 008 | 040805s1976 sp ||||1| spa d | ||
| 100 | 1 |
_aGastón, Patrice. _955943 |
|
| 245 | 1 | 0 |
_aDesapariciones misteriosas _b: el cosmos nos observa / _cPatrice Gastón ; [traducción de Pablo Fernández-Flórez]. |
| 250 | _a[2ª ed.]. | ||
| 260 |
_a[Esplugas de Llobregat] : _bPlaza & Janés, _c[1976] |
||
| 300 |
_a255 p. ; _c23 cm. |
||
| 700 | 1 |
_aFernández-Flórez, Pablo. _949789 |
|
| 852 |
_aES-MaACL _jA-5915 _bR.94866 |
||
| 999 |
_c71112 _d71112 |
||